| 000 | 01088nas a2200373 4500 | ||
|---|---|---|---|
| 001 | BR2012000629 | ||
| 003 | BR-BrBNA | ||
| 005 | 20231205120044.0 | ||
| 007 | ta | ||
| 008 | 230509b bl.|||p| |||| 00| 00por d | ||
| 040 |
_aBR-BrBNA _bpor _cBiblioteca Nacional de Agricultura |
||
| 041 | _a(Pt) | ||
| 072 | _aL02; Q54 | ||
| 100 | 1 | _aGottmann, R. | |
| 100 | 1 | _aPazzato, A.C. | |
| 100 | 1 | _aDucatti, C. | |
| 100 | 1 | _aDenadai, J.C. | |
| 100 | 1 | _aMóri, C. | |
| 100 | 1 | _aMituo, M.A.O. | |
| 100 | 1 | _aSartori, J.R. | |
| 245 | 1 | _aRastreabilidade de subprodutos de origem animal em dietas com levedura e trigo para frangos | |
| 650 | _aFRANGO | ||
| 650 | _aPRODUTO DE ORIGEM ANIMAL | ||
| 650 | _aDIETA | ||
| 650 | _aFERMENTO | ||
| 650 | _aCANA DE AÇÚCAR | ||
| 650 | _aTRIGO | ||
| 650 | _aRAÇÃO | ||
| 650 | _aFARINHA DE VÍSCERA | ||
| 650 | _aCOMPOSIÇÃO DE ALIMENTO | ||
| 773 | 0 |
_tPesquisa Agropecuária Brasileira (Brazil) _xISSN 0100-204X _g(Dec 2008), v. 43(12) p. 1641-1647 _wBR2012000629 |
|
| 909 |
_a202311 _bLúcia _c55 _dLúcia Elande |
||
| 942 |
_2AGRIS _n0 _cANA |
||
| 999 |
_c216861 _d216861 |
||